[Event "3rd Sharjah Masters 2019"]
[Site "Sharjah UAE"]
[Date "2019.03.22"]
[Round "1.2"]
[White "Jeet, Jain"]
[Black "Fedoseev, Vladimir3"]
[Result "0-1"]
[WhiteTitle "FM"]
[BlackTitle "GM"]
[WhiteElo "2219"]
[BlackElo "2715"]
[WhiteFideId "5073022"]
[BlackFideId "24130737"]
[EventDate "2019.03.22"]

1. e4 c5 2. Nf3 d6 3. Bb5+ Nd7 4. c3 Nf6 5. Qe2 a6 6. Ba4 g6 7. O-O Bg7 8. d4
cxd4 9. cxd4 b5 10. Bb3 Nb6 11. Nc3 b4 12. Na4 Bd7 13. Nxb6 Qxb6 14. e5 Bb5 15.
Bc4 Nd5 16. exd6 Bxc4 17. d7+ Kxd7 18. Qxc4 Qb5 19. Qb3 f6 20. Bd2 Rhc8 21. Rfc1
e6 22. Ne1 f5 23. Nf3 a5 24. a4 Qe2 25. Re1 Qc4 26. Qxc4 Rxc4 27. Rac1 Rac8 28.
Rxc4 Rxc4 29. Rc1 Rxc1+ 30. Bxc1 Ne7 31. Kf1 Nc6 32. Be3 Kd6 33. Ke2 Kd5 34. Kd3
h6 35. h4 h5 36. b3 Bf6 37. g3 Bg7 38. Ng5 Bxd4 39. Nf3 Bc3 40. Bb6 e5 41. Ng1
Bd4 0-1

[Event "3rd Sharjah Masters 2019"]
[Site "Sharjah UAE"]
[Date "2019.03.22"]
[Round "1.4"]
[White "Panda, Sambit"]
[Black "Inarkiev, Ernesto"]
[Result "0-1"]
[BlackTitle "GM"]
[WhiteElo "2218"]
[BlackElo "2692"]
[WhiteFideId "25091794"]
[BlackFideId "4162722"]
[EventDate "2019.03.22"]

1. d4 Nf6 2. c4 g6 3. Nc3 d5 4. cxd5 Nxd5 5. Na4 e5 6. dxe5 Bb4+ 7. Bd2 Ne3 8.
fxe3 Bxd2+ 9. Qxd2 Qh4+ 10. g3 Qxa4 11. Qd4 Qa5+ 12. b4 Qa4 13. e6 f6 14. Bg2
Nc6 15. Bxc6+ Qxc6 16. Nf3 Qxe6 17. O-O O-O 18. Rfd1 Re8 19. Kf2 Bd7 20. Qd5 Re7
21. Rac1 c6 22. Qxe6+ Bxe6 23. a3 Kf7 24. Nd4 Bd5 25. a4 a5 26. b5 cxb5 27. Nxb5
Bc6 28. Rc5 Re5 29. Rxe5 fxe5 30. Nd6+ Ke6 31. Nc4 Bxa4 32. Rd6+ Ke7 33. Rd5 b5
34. Nxe5 b4 35. Nc4 b3 36. Ke1 Rc8 37. Nb2 Rc1+ 38. Kf2 Bd7 39. Re5+ Kd6 40.
Rxa5 Rc2 41. Nd3 b2 42. Ra6+ Kc7 43. Nxb2 Rxb2 44. Rf6 Kd8 45. Rf7 h5 46. Rf6
Bf5 47. Kf3 Ke7 48. Ra6 Rb4 0-1

[Event "3rd Sharjah Masters 2019"]
[Site "Sharjah UAE"]
[Date "2019.03.22"]
[Round "1.5"]
[White "Matlakov, Maxim"]
[Black "Sapaev, Maksad"]
[Result "1-0"]
[WhiteTitle "GM"]
[WhiteElo "2692"]
[BlackElo "2214"]
[WhiteFideId "4168003"]
[BlackFideId "14202700"]
[EventDate "2019.03.22"]

1. e4 e5 2. Nf3 Nc6 3. Bb5 a6 4. Ba4 Nf6 5. O-O Be7 6. d3 d6 7. c3 Bg4 8. Re1
Nd7 9. Be3 h6 10. Nbd2 Bg5 11. Qe2 b5 12. Bc2 Nc5 13. h3 Bxe3 14. Qxe3 Bxf3 15.
Nxf3 Ne6 16. d4 Nf4 17. a4 g5 18. dxe5 dxe5 19. axb5 axb5 20. Qc5 1-0

[Event "3rd Sharjah Masters 2019"]
[Site "Sharjah UAE"]
[Date "2019.03.22"]
[Round "1.6"]
[White "Srihari, L R"]
[Black "Sargissian, Gabriel"]
[Result "0-1"]
[WhiteTitle "FM"]
[BlackTitle "GM"]
[WhiteElo "2211"]
[BlackElo "2689"]
[WhiteFideId "46617116"]
[BlackFideId "13300881"]
[EventDate "2019.03.22"]

1. d4 Nf6 2. Bg5 e6 3. Nd2 h6 4. Bh4 d5 5. e3 c5 6. c3 Nc6 7. Bd3 Qb6 8. Qb3 c4
9. Qxb6 axb6 10. Bc2 b5 11. Ne2 b4 12. O-O b5 13. e4 bxc3 14. bxc3 b4 15. exd5
exd5 16. Rfe1 g5 17. Bg3 Be6 18. Nf3 Nd7 19. h4 Be7 20. hxg5 hxg5 21. Nd2 O-O
22. Nf1 Ra3 23. Ne3 Rfa8 24. f4 gxf4 25. Nxf4 Rxc3 26. Nfxd5 Bxd5 27. Nxd5 Rxc2
28. Nxe7+ Nxe7 29. Rxe7 b3 30. Rxd7 Raxa2 31. Rd8+ Kh7 32. Rf1 Rxg2+ 33. Kh1
Rxg3 34. Rxf7+ Rg7 0-1

[Event "3rd Sharjah Masters 2019"]
[Site "Sharjah UAE"]
[Date "2019.03.22"]
[Round "1.7"]
[White "Kryvoruchko, Yuriy"]
[Black "Blagojevic, Tijana"]
[Result "1-0"]
[WhiteTitle "GM"]
[BlackTitle "WIM"]
[WhiteElo "2680"]
[BlackElo "2206"]
[WhiteFideId "14109182"]
[BlackFideId "16500270"]
[EventDate "2019.03.22"]

1. c4 e5 2. g3 Nf6 3. Bg2 d5 4. cxd5 Nxd5 5. Nc3 Nb6 6. Nf3 Nc6 7. a3 a5 8. d3
Be7 9. O-O O-O 10. Be3 a4 11. Bxb6 cxb6 12. Nxa4 e4 13. Ne1 e3 14. fxe3 Bg5 15.
Kh1 Bxe3 16. Nc2 Bh6 17. Nc3 Be6 18. Nb4 Qd6 19. Nbd5 Ra5 20. Nxb6 Qd4 21. Nc4
Bxc4 22. dxc4 Qxc4 23. Bd5 Qg4 24. e4 Qd7 25. b4 Raa8 26. Na4 Be3 27. Qb3 Ba7
28. Rac1 Nd4 29. Qd1 Nb5 30. Rf3 Kh8 31. Rd3 Qe7 32. Nc5 Bxc5 33. Rxc5 Nd6 34.
e5 Nf5 35. Be4 Nh6 36. a4 f5 37. Bf3 Ng4 38. Kg2 Qf7 39. a5 Rae8 40. Qe2 Nf6 41.
Re3 Ng4 42. Bxg4 fxg4 43. e6 Qf6 44. e7 Rf7 45. b5 h6 46. Rce5 Kg8 47. R3e4 Qd6
48. Qc4 g5 49. Rf5 Qd2+ 50. Re2 Qxe2+ 51. Qxe2 Rxf5 52. Qe6+ 1-0

[Event "3rd Sharjah Masters 2019"]
[Site "Sharjah UAE"]
[Date "2019.03.22"]
[Round "1.8"]
[White "Abdurakhmonov, Mukhammadali"]
[Black "Maghsoodloo, Parham"]
[Result "0-1"]
[BlackTitle "GM"]
[WhiteElo "2205"]
[BlackElo "2673"]
[WhiteFideId "14207346"]
[BlackFideId "12539929"]
[EventDate "2019.03.22"]

1. e4 g6 2. d4 Bg7 3. Nc3 d6 4. f4 a6 5. Nf3 b5 6. Bd3 Nd7 7. a4 b4 8. Ne2 c5 9.
c3 Rb8 10. O-O Bb7 11. Ng3 bxc3 12. bxc3 Ngf6 13. Qe2 Qa5 14. Bd2 O-O 15. e5 Nd5
16. Ne4 cxd4 17. cxd4 Qb6 18. Rab1 Qa7 19. Kh1 Nc7 20. Be3 Qa8 21. exd6 exd6 22.
Nxd6 Bd5 23. Rbc1 Ne8 24. Nc4 a5 25. Bd2 Nef6 26. Nxa5 Ne4 27. Bb5 Ndf6 28. Nc6
Rbe8 29. Qd3 Nxd2 30. Qxd2 Ne4 31. Qb4 Bf6 32. Nce5 Re6 33. Bc4 Be7 34. Qb3 Nf6
35. Bxd5 Nxd5 36. Nd3 Rb8 37. Qa2 Re3 38. Nc5 Nxf4 39. Ne5 Re2 40. Qxf7+ Kh8 41.
Rf3 Bg5 42. Ne6 Rb7 43. Qf8+ Qxf8 44. Nxf8 Kg8 45. Nfd7 Rbb2 46. Rg3 Nd3 47. Rf1
Nf2+ 48. Kg1 Bh4 49. Rf3 Ne4 50. Rf8+ Kg7 51. R8f7+ Kh6 52. Ng4+ Kg5 53. g3 Bxg3
54. R1f3 Kxg4 55. hxg3 Rg2+ 56. Kf1 Nxg3+ 0-1

[Event "3rd Sharjah Masters 2019"]
[Site "Sharjah UAE"]
[Date "2019.03.22"]
[Round "1.9"]
[White "Sjugirov, Sanan"]
[Black "Bouzidi, Ahmed"]
[Result "1-0"]
[WhiteTitle "GM"]
[BlackTitle "CM"]
[WhiteElo "2667"]
[BlackElo "2199"]
[WhiteFideId "4189302"]
[BlackFideId "5501733"]
[EventDate "2019.03.22"]

1. d4 Nf6 2. c4 e6 3. g3 d5 4. Nf3 Be7 5. Bg2 O-O 6. O-O dxc4 7. Qa4 a6 8. Qxc4
b5 9. Qc2 Bb7 10. Bd2 Be4 11. Qc1 Nbd7 12. Ba5 Nb6 13. Nbd2 Bb7 14. Qc2 Rc8 15.
Rad1 c5 16. dxc5 Rxc5 17. Qb1 Qc7 18. e4 e5 19. Ne1 Rc6 20. Nd3 Qb8 21. b3 Nbd7
22. Nb4 Rd6 23. Nd5 Nxd5 24. exd5 Nf6 25. Ne4 Nxe4 26. Qxe4 Rh6 27. Rfe1 Bd6 28.
Bb4 Re8 29. Bd2 Rg6 30. Bh3 Bc8 31. Bxc8 Qxc8 32. Rc1 Qd7 33. Rc6 f5 34. Qc2 f4
35. Bxf4 Qf7 36. Rc8 Qd7 37. Rxe8+ Qxe8 38. Bxe5 Bxe5 39. Qf5 1-0

[Event "3rd Sharjah Masters 2019"]
[Site "Sharjah UAE"]
[Date "2019.03.22"]
[Round "1.10"]
[White "Paramzina, Anastasya"]
[Black "Mareco, Sandro"]
[Result "1-0"]
[WhiteTitle "WGM"]
[BlackTitle "GM"]
[WhiteElo "2196"]
[BlackElo "2666"]
[WhiteFideId "4165012"]
[BlackFideId "112275"]
[EventDate "2019.03.22"]

1. e4 c5 2. Be2 Nc6 3. d3 g6 4. f4 Bg7 5. Nf3 d6 6. O-O Nh6 7. c3 O-O 8. Kh1 f5
9. e5 dxe5 10. fxe5 e6 11. d4 Nf7 12. Na3 cxd4 13. cxd4 b6 14. Nc2 Bb7 15. Bd2
g5 16. Bc3 Ne7 17. Bb4 Qd7 18. a4 Rfd8 19. Bb5 Nc6 20. Bc3 g4 21. Nd2 a6 22. Bc4
Ne7 23. Nb4 a5 24. Nd3 Bh6 25. Nf4 Bxf4 26. Rxf4 Nd5 27. Bxd5 Qxd5 28. Qe2 Nh8
29. Rf2 Ng6 30. Qb5 Qxb5 31. axb5 Rac8 32. Ra4 Rd5 33. Nc4 Rxb5 34. Kg1 Rc7 35.
Nd6 Rb3 36. Nxb7 Rxb7 37. d5 b5 38. Rxa5 b4 39. Ra8+ Kg7 40. Bd2 exd5 41. Rxf5
Rxb2 42. Bg5 Re2 43. Bf6+ Kf7 44. Ra6 Ne7 45. Rf1 Ng8 46. e6+ Kg6 47. e7 Nxe7
48. Bxe7+ Kg7 49. Bf8+ Kg8 50. Bh6 Re8 51. Raf6 Rbb8 52. R6f4 Kh8 53. Rxg4 Rg8
54. Rxg8+ Kxg8 55. Kf2 Kf7 56. Ke3+ Ke6 57. Kd4 b3 58. Re1+ Kf5 59. Kxd5 Ra8 60.
h3 Ra2 61. g4+ Kg6 62. Re6+ Kf7 63. Rb6 b2 64. Rb7+ Kg6 65. Rb6+ Kf7 66. Rb3 Ra6
67. Bf4 Ra5+ 68. Ke4 Ra3 69. Rxb2 Rxh3 70. Kf5 Rf3 71. Rb7+ Kg8 72. Kg5 Rf1 73.
Be5 Rh1 74. Kf6 1-0

[Event "3rd Sharjah Masters 2019"]
[Site "Sharjah UAE"]
[Date "2019.03.22"]
[Round "1.12"]
[White "Gokhale, Chandrashekhar"]
[Black "Iturrizaga Bonelli, Eduardo"]
[Result "0-1"]
[WhiteTitle "IM"]
[BlackTitle "GM"]
[WhiteElo "2185"]
[BlackElo "2639"]
[WhiteFideId "5001315"]
[BlackFideId "3901211"]
[EventDate "2019.03.22"]

1. Nf3 c5 2. g3 g6 3. Bg2 Bg7 4. O-O Nc6 5. d3 d6 6. c4 e6 7. Nc3 Nge7 8. Rb1
O-O 9. a3 d5 10. cxd5 exd5 11. Bd2 b6 12. Na4 a5 13. Qb3 Rb8 14. Bf4 Rb7 15.
Rfc1 h6 16. h4 Re8 17. Qb5 Na7 18. Qb3 Nac6 19. Qb5 Kh7 20. Kf1 Qd7 21. Qb3 Qe6
22. Nc3 Rd8 23. Nb5 Nf5 24. e3 Qe7 25. g4 Nxh4 26. Nxh4 Qxh4 27. Nd6 Rxd6 28.
Bxd6 Rd7 29. Bg3 Qd8 30. Qa4 Ne7 31. b4 Ba6 32. Qc2 d4 33. e4 Bf8 34. bxa5 bxa5
35. Rb8 Nc8 36. Qb3 Qg5 37. Qd1 Bxd3+ 38. Kg1 Ba6 39. e5 Rd8 40. f4 Qe7 41. f5
d3 42. Bf4 c4 43. Be4 Qa7+ 44. Kg2 Qxb8 45. Qd2 Bb7 0-1

[Event "3rd Sharjah Masters 2019"]
[Site "Sharjah UAE"]
[Date "2019.03.22"]
[Round "1.13"]
[White "Ganguly, Surya Shekhar"]
[Black "Singgih, Diajeng Theresa"]
[Result "1-0"]
[WhiteTitle "GM"]
[BlackTitle "WFM"]
[WhiteElo "2633"]
[BlackElo "2164"]
[WhiteFideId "5002150"]
[BlackFideId "7104391"]
[EventDate "2019.03.22"]

1. e4 e5 2. Nf3 Nc6 3. Bb5 a6 4. Ba4 Nf6 5. O-O b5 6. Bb3 Bc5 7. a4 Bb7 8. d3
O-O 9. Nc3 b4 10. Nd5 Nxd5 11. Bxd5 d6 12. a5 Qc8 13. c3 Ne7 14. Bc4 bxc3 15.
bxc3 Ng6 16. Rb1 Bc6 17. Ng5 h6 18. Qh5 Nh8 19. Nf3 Bb5 20. Bxb5 axb5 21. d4
exd4 22. cxd4 Ba7 23. Rxb5 Qe8 24. Re1 c5 25. Rb7 cxd4 26. Qd5 Bc5 27. e5 Rxa5
28. e6 Qa8 29. exf7+ Rxf7 30. Ree7 Ra1 31. h3 Qa2 32. Re8+ Kh7 33. Rxh8+ Kxh8
34. Rb8+ Kh7 35. Qe4+ g6 36. Qe8 1-0

[Event "3rd Sharjah Masters 2019"]
[Site "Sharjah UAE"]
[Date "2019.03.22"]
[Round "1.14"]
[White "Gandhi, Anish"]
[Black "Adly, Ahmed"]
[Result "0-1"]
[BlackTitle "GM"]
[WhiteElo "2156"]
[BlackElo "2611"]
[WhiteFideId "5061032"]
[BlackFideId "10601619"]
[EventDate "2019.03.22"]

1. e4 b6 2. d4 Bb7 3. Bd3 g6 4. Nf3 Bg7 5. O-O d6 6. c4 Nd7 7. Nc3 e5 8. d5 Ne7
9. Be3 O-O 10. b4 c6 11. dxc6 Nxc6 12. Nd5 h6 13. Qb3 Nd4 14. Nxd4 exd4 15. Bf4
Nf6 16. Rac1 Re8 17. Rfe1 Rc8 18. Qa4 Bc6 19. b5 Bxd5 20. exd5 Qc7 21. Qb4 Bf8
22. Qb2 Nd7 23. Qc2 Rxe1+ 24. Rxe1 Nc5 25. Rc1 Qe7 26. Bd2 Qf6 27. Bb4 Nd7 28.
Qd2 h5 29. Bf1 Ne5 30. h3 Kh7 31. Rc2 Bh6 32. Qd1 h4 33. Kh1 Nd7 34. Qg4 Rc7 35.
Ba3 Bf4 36. Bb2 Nc5 37. Re2 Nd3 38. Ba1 Rxc4 39. Re4 Nxf2+ 0-1

[Event "3rd Sharjah Masters 2019"]
[Site "Sharjah UAE"]
[Date "2019.03.22"]
[Round "1.15"]
[White "Zubov, Alexander"]
[Black "Al-Hajiri, Bader"]
[Result "1-0"]
[WhiteTitle "GM"]
[BlackTitle "FM"]
[WhiteElo "2605"]
[BlackElo "2155"]
[WhiteFideId "14109409"]
[BlackFideId "10300163"]
[EventDate "2019.03.22"]

1. d4 d5 2. c4 c6 3. Nf3 Nf6 4. e3 e6 5. b3 c5 6. Bb2 cxd4 7. exd4 Bb4+ 8. Nbd2
Nc6 9. a3 Bd6 10. Bd3 O-O 11. Qe2 dxc4 12. bxc4 e5 13. Nxe5 Qb6 14. Ndf3 Bxe5
15. dxe5 Bg4 16. O-O-O Rfe8 17. Qc2 Nd7 18. Bxh7+ Kh8 19. Bf5 Ndxe5 20. Bxg4
Nxg4 21. Ng5 1-0

[Event "3rd Sharjah Masters 2019"]
[Site "Sharjah UAE"]
[Date "2019.03.22"]
[Round "1.16"]
[White "Chekh Adm Khedr, Aram"]
[Black "Idani, Pouya"]
[Result "0-1"]
[BlackTitle "GM"]
[WhiteElo "2155"]
[BlackElo "2604"]
[WhiteFideId "7601948"]
[BlackFideId "12510130"]
[EventDate "2019.03.22"]

1. e4 g6 2. d4 Bg7 3. c4 e6 4. Nc3 Ne7 5. Nf3 d5 6. Bg5 h6 7. Bxe7 Qxe7 8. cxd5
exd5 9. Nxd5 Qxe4+ 10. Qe2 Qxe2+ 11. Bxe2 Kd8 12. Ne5 Rf8 13. O-O c5 14. Rfd1
cxd4 15. Nf3 Nc6 16. Rac1 Be6 17. Nf4 Bxa2 18. Bb5 Kc7 19. Bxc6 bxc6 20. Nxd4
Rfd8 21. Nfe2 Kb7 22. Rd3 Rd5 23. Ra3 Bxd4 24. Rxa2 Bb6 25. Kf1 Rad8 26. Ke1
Ba5+ 27. Nc3 Re5+ 28. Kf1 Rd2 29. b4 Rxa2 30. Nxa2 Bb6 31. Nc3 f5 32. Rd1 Kc7
33. g3 Re6 34. Rc1 Kd7 35. Rc2 Rd6 36. Ne2 g5 37. Rb2 Rd3 38. Kg2 Kd6 39. Nc1
Rd1 40. Ne2 Rd3 41. Nc1 Rd4 42. Ne2 Rc4 43. h3 Ke5 44. f4+ Ke4 45. fxg5 hxg5 46.
h4 gxh4 47. gxh4 f4 48. Ng1 Rc3 49. Re2+ Kf5 50. Nf3 0-1

[Event "3rd Sharjah Masters 2019"]
[Site "Sharjah UAE"]
[Date "2019.03.22"]
[Round "1.17"]
[White "Gupta, Abhijeet"]
[Black "Jaeel, Atharva"]
[Result "1-0"]
[WhiteTitle "GM"]
[WhiteElo "2602"]
[BlackElo "2145"]
[WhiteFideId "5010608"]
[BlackFideId "35041576"]
[EventDate "2019.03.22"]

1. d4 Nf6 2. c4 e6 3. Nf3 d5 4. g3 Bb4+ 5. Nbd2 O-O 6. Bg2 b6 7. O-O Bb7 8. cxd5
exd5 9. Ne5 Nbd7 10. Qa4 Bd6 11. Ndc4 Bxe5 12. Nxe5 Nxe5 13. dxe5 Nd7 14. Bf4
Qe7 15. Rad1 Nc5 16. Qa3 Qe6 17. b4 Nd7 18. Qb3 Nxe5 19. e4 Rfe8 20. exd5 Qf5
21. Rfe1 Ng4 22. Rxe8+ Rxe8 23. Qa4 Ra8 24. Rd2 Nf6 25. Qd1 Qd7 26. Be5 Ne8 27.
Qh5 Qe7 28. Re2 Qxb4 29. Be4 g6 30. Qf3 Ba6 31. Re3 Qc4 32. h4 Qf1+ 33. Kh2 Rd8
34. Qf4 Rd7 35. Bc3 Rd8 36. Rf3 Rd7 37. d6 cxd6 38. Bd5 Rc7 39. Bxf7+ 1-0

[Event "3rd Sharjah Masters 2019"]
[Site "Sharjah UAE"]
[Date "2019.03.22"]
[Round "1.18"]
[White "Franco Valencia, Angela"]
[Black "Pichot, Alan"]
[Result "0-1"]
[WhiteTitle "WIM"]
[BlackTitle "GM"]
[WhiteElo "2141"]
[BlackElo "2584"]
[WhiteFideId "4403070"]
[BlackFideId "110973"]
[EventDate "2019.03.22"]

1. e4 c5 2. Nf3 Nc6 3. d4 cxd4 4. Nxd4 Nf6 5. Nc3 d6 6. g3 e6 7. Bg2 Bd7 8. Nb3
Be7 9. O-O O-O 10. Kh1 a6 11. f4 b5 12. a3 Qc7 13. g4 d5 14. exd5 Nxd5 15. Nxd5
exd5 16. Qxd5 Rfd8 17. Qf3 Rac8 18. Be3 b4 19. Qf2 Rb8 20. f5 bxa3 21. bxa3 Ne5
22. g5 Bd6 23. Bf4 Bxf5 24. Bxe5 Bxe5 25. Qxf5 Bxa1 26. Rxa1 Rb5 27. Qe4 Rxg5
28. Re1 g6 29. Qc6 Qxc6 30. Bxc6 Rc8 31. Nd4 Rc5 32. Bb7 Rd8 33. Nb3 Rxc2 34.
Bxa6 Rc3 35. Na5 Ra8 36. Bb5 Rxa5 37. a4 Rb3 38. Re5 Rb4 39. Kg2 Kg7 40. Re7
Raxb5 41. axb5 Rxb5 42. Rc7 g5 43. h3 Kg6 44. Rc6+ f6 45. Rc2 h5 46. Rd2 g4 47.
Ra2 Rb3 48. hxg4 hxg4 49. Rc2 Kg5 50. Rc5+ f5 51. Ra5 Kf4 52. Ra4+ Kg5 53. Ra5
Re3 54. Kf2 Rf3+ 55. Kg2 Rd3 56. Rb5 Kf4 57. Rb4+ Ke5 58. Rb8 Ke4 59. Ra8 Ke3
60. Re8+ Kf4 61. Re2 g3 62. Kh3 Kf3 63. Ra2 f4 64. Rb2 Re3 65. Rb4 Re2 66. Rb3+
Kf2 0-1

[Event "3rd Sharjah Masters 2019"]
[Site "Sharjah UAE"]
[Date "2019.03.22"]
[Round "1.19"]
[White "Nihal, Sarin"]
[Black "Ammar, Sedrani"]
[Result "1-0"]
[WhiteTitle "GM"]
[BlackTitle "FM"]
[WhiteElo "2578"]
[BlackElo "2137"]
[WhiteFideId "25092340"]
[BlackFideId "9312331"]
[EventDate "2019.03.22"]

1. Nf3 d5 2. e3 Bf5 3. c4 e6 4. Qb3 Nc6 5. cxd5 exd5 6. Nc3 a6 7. Nxd5 Be6 8. e4
Nb4 9. Nd4 Bxd5 10. exd5 Qh4 11. Nf5 Qe4+ 12. Ne3 Bc5 13. d3 Qe5 14. Bd2 Bxe3
15. fxe3 Nxd5 16. Qxb7 Rd8 17. Qc6+ Rd7 18. d4 Qe7 19. O-O-O Ngf6 20. Bd3 O-O
21. Rhe1 Rb8 22. e4 Nb4 23. Bxb4 Qxb4 24. Qc3 Qa4 25. Bc4 Qb4 26. Qxb4 Rxb4 27.
b3 1-0

[Event "3rd Sharjah Masters 2019"]
[Site "Sharjah UAE"]
[Date "2019.03.22"]
[Round "1.20"]
[White "Sultan, Ibrahim"]
[Black "Yakubboev, Nodirbek"]
[Result "0-1"]
[WhiteTitle "IM"]
[BlackTitle "IM"]
[WhiteElo "2121"]
[BlackElo "2569"]
[WhiteFideId "9301143"]
[BlackFideId "14203987"]
[EventDate "2019.03.22"]

1. d4 d6 2. Nf3 g6 3. e4 Bg7 4. Bd3 Nc6 5. c3 e5 6. dxe5 dxe5 7. O-O Nf6 8. Bg5
h6 9. Bxf6 Qxf6 10. Nbd2 O-O 11. Nc4 h5 12. Be2 Qe7 13. Qb3 Nd8 14. Rad1 Ne6 15.
g3 Nc5 16. Qc2 a5 17. b3 b5 18. Ne3 c6 19. b4 Na4 20. a3 Be6 21. c4 axb4 22.
axb4 Qxb4 23. Rb1 Qc5 24. Ra1 Bh6 25. Kg2 Bxe3 26. fxe3 Nb6 27. Qb2 Bxc4 0-1

[Event "3rd Sharjah Masters 2019"]
[Site "Sharjah UAE"]
[Date "2019.03.22"]
[Round "1.22"]
[White "Shiva, Pavan Teja Sharma U"]
[Black "Fier, Alexandr"]
[Result "0-1"]
[BlackTitle "GM"]
[WhiteElo "2093"]
[BlackElo "2551"]
[WhiteFideId "35063537"]
[BlackFideId "2107139"]
[EventDate "2019.03.22"]

1. e4 c5 2. Nf3 e6 3. d3 Nc6 4. g3 g6 5. Bg2 Bg7 6. O-O Nge7 7. c3 O-O 8. Na3 d5
9. Qe2 b6 10. e5 Ba6 11. Bf4 b5 12. Nc2 Rc8 13. Rfd1 d4 14. cxd4 cxd4 15. Bg5
Re8 16. Rac1 Qb6 17. Qe4 Bb7 18. Qe2 Nd5 19. h4 h6 20. Bd2 b4 21. Qe4 Nde7 22.
Nfxd4 Nxd4 23. Qxd4 Qxd4 24. Nxd4 Bxg2 25. Kxg2 Bxe5 26. Nf3 Bxb2 27. Rxc8 Rxc8
28. Bxb4 Nd5 29. Bd2 Kg7 30. Be3 a5 31. Kf1 a4 32. Bd2 a3 33. d4 Rc2 34. Ne1 Rc4
35. Be3 Nc3 36. Rd3 Nxa2 37. d5 Nb4 0-1

[Event "3rd Sharjah Masters 2019"]
[Site "Sharjah UAE"]
[Date "2019.03.22"]
[Round "1.23"]
[White "Chanda, Sandipan"]
[Black "Mihoubi, Saad"]
[Result "1-0"]
[WhiteTitle "GM"]
[WhiteElo "2534"]
[BlackElo "2088"]
[WhiteFideId "5004225"]
[BlackFideId "7901801"]
[EventDate "2019.03.22"]

1. d4 d5 2. Nf3 Nf6 3. Bf4 e6 4. e3 Bd6 5. Bg3 c5 6. Bb5+ Nc6 7. Nbd2 a6 8.
Bxc6+ bxc6 9. Bxd6 Qxd6 10. dxc5 Qxc5 11. Nb3 Qd6 12. Qd4 O-O 13. O-O Ne4 14.
Rfd1 Rd8 15. c4 c5 16. Qe5 Bb7 17. Qxd6 Rxd6 18. Nfd2 Nxd2 19. Rxd2 Rc8 20. Rc1
Rb6 21. cxd5 Bxd5 22. Rxc5 Rcb8 23. Nc1 Kf8 24. b3 Rb5 25. Rxb5 axb5 26. f3 Rc8
27. Nd3 Ke7 28. Nb4 Bb7 29. Kf2 Rc1 30. Rc2 Rxc2+ 31. Nxc2 Kd6 32. e4 Kc5 33.
Ke3 b4 34. Ne1 Kb5 35. Nd3 f6 36. Nf4 1-0

[Event "3rd Sharjah Masters 2019"]
[Site "Sharjah UAE"]
[Date "2019.03.22"]
[Round "1.24"]
[White "Murtaza, Ali"]
[Black "Deepan, Chakkravarthy J."]
[Result "0-1"]
[BlackTitle "GM"]
[WhiteElo "2084"]
[BlackElo "2534"]
[WhiteFideId "7801750"]
[BlackFideId "5011132"]
[EventDate "2019.03.22"]

1. e4 e5 2. Nf3 Nc6 3. Bb5 a6 4. Ba4 Nf6 5. O-O Be7 6. Re1 b5 7. Bb3 O-O 8. a4
Bb7 9. Nc3 Na5 10. Ba2 d6 11. d3 b4 12. Ne2 c5 13. Ng3 Bc8 14. Bg5 Be6 15. Nh4
g6 16. Bh6 Re8 17. Bxe6 fxe6 18. h3 Bf8 19. Bg5 Bg7 20. Nf3 Qc7 21. Bxf6 Bxf6
22. b3 Bg7 23. Nd2 Rf8 24. Nc4 Nc6 25. Re3 Nd4 26. Re1 Rad8 27. Ne2 Nc6 28. Ng3
h5 29. Ne3 Bh6 30. Rf1 Qe7 31. Qe1 Nd4 32. Ra2 Qh4 33. Ne2 Bxe3 34. fxe3 Rxf1+
35. Qxf1 Rf8 36. exd4 Rxf1+ 37. Kxf1 cxd4 38. Ra1 d5 39. exd5 exd5 40. Re1 e4 0-1

[Event "3rd Sharjah Masters 2019"]
[Site "Sharjah UAE"]
[Date "2019.03.22"]
[Round "1.25"]
[White "Debashis, Das"]
[Black "Mrudul, Dehankar"]
[Result "1-0"]
[WhiteTitle "GM"]
[BlackTitle "WCM"]
[WhiteElo "2532"]
[BlackElo "2078"]
[WhiteFideId "5024854"]
[BlackFideId "25096990"]
[EventDate "2019.03.22"]

1. c4 b6 2. d4 Bb7 3. Nc3 Nf6 4. Nf3 e6 5. a3 Be7 6. Qc2 c5 7. e4 cxd4 8. Nxd4
d6 9. Be2 Nbd7 10. O-O O-O 11. Rd1 a6 12. Nf3 Qc7 13. Bf4 Rfd8 14. Rac1 Rac8 15.
Qb1 Qb8 16. Re1 Qa8 17. Bf1 Ng4 18. h3 Nge5 19. Nd2 Ng6 20. Be3 Bc6 21. b4 Bf6
22. g3 Qb8 23. Nb3 Rc7 24. Red1 Bxc3 25. Rxc3 Nf6 26. Bg2 Qb7 27. Nd2 d5 28.
exd5 exd5 29. b5 Bxb5 30. Rdc1 Rdc8 31. Bd4 Ba4 32. Bxf6 gxf6 33. Bxd5 Bc6 34.
Ne4 Bxd5 35. Nxf6+ Kg7 36. Nxd5 Rc6 37. Qb2 f6 38. Rf3 Qf7 39. Nxb6 Rb8 40. c5
Ne5 41. Re3 Qc7 42. Rec3 Nd7 43. Qc2 Ne5 44. Nd5 Qd7 45. Nf4 Rd8 46. Qe4 Qd2 47.
R3c2 Qd4 48. Qxc6 Qd1+ 49. Rxd1 Rxd1+ 50. Kg2 Nxc6 51. Rb2 Rc1 52. Rb6 Nd4 53.
Rxa6 Kf7 54. Ra7+ Kg8 55. Nd5 Rxc5 56. Nxf6+ Kf8 57. Nd7+ 1-0

[Event "3rd Sharjah Masters 2019"]
[Site "Sharjah UAE"]
[Date "2019.03.22"]
[Round "1.27"]
[White "Megaranto, Susanto"]
[Black "Kumar, Gaurav"]
[Result "1-0"]
[WhiteTitle "GM"]
[WhiteElo "2526"]
[BlackElo "2074"]
[WhiteFideId "7101384"]
[BlackFideId "5085578"]
[EventDate "2019.03.22"]

1. d4 Nf6 2. Nf3 e6 3. Bg5 d5 4. e3 Be7 5. Bd3 c5 6. c3 Nbd7 7. Nbd2 b6 8. O-O
Bb7 9. Bf4 Ne4 10. h3 O-O 11. a4 a6 12. Qe2 c4 13. Bc2 b5 14. Nxe4 dxe4 15. Nd2
f5 16. f3 exf3 17. gxf3 e5 18. Bh2 Qe8 19. axb5 axb5 20. b3 exd4 21. exd4 Qg6+
22. Kh1 Rae8 23. bxc4 Bg5 24. Qg2 Re3 25. Ra7 Rxc3 26. Nb1 Rxc2 27. Qxc2 Qb6 28.
Ra3 bxc4 29. Qxc4+ Kh8 30. Qb3 Qxb3 31. Rxb3 Bd5 32. Ra3 h6 33. Nc3 Bc4 34. Re1
Rc8 35. Rea1 Bf6 36. Ra8 Rxa8 37. Rxa8+ Kh7 38. Ra7 Nf8 39. Be5 Kg6 40. Rc7 Be6
41. Ne2 Bxe5 42. dxe5 Nd7 43. f4 Kf7 44. h4 g6 45. Kh2 Ke8 46. Nd4 Ke7 47. Nxe6
Kxe6 48. Rc6+ Ke7 49. Rxg6 1-0